Perspektívy mimosúdneho riešenia spotrebiteľských sporov na Slovensku

Bibliographic Details
Corporate Author: Ombudspot (Poprad, Slovensko) (Author)
Other Authors: Čakovská, Petra, 1977- (Compiler), Fáber, Michal (Compiler)
Format: Book
Language:Slovak
PhysicalDescription:20 s. fotogr. 15 x 21 cm
Published: [Poprad Ombudspot - Združenie na ochranu práv spotrebiteľov] [2011]
ISBN:9788097034627
Edition:[1. vyd.]
Subjects:

MARC

LEADER 00000cam a2200000 a 4500
001 vtls010280715
003 SK-MaSNL
005 20260426005414.0
008 180809s2011 xo o g f 000 0 slo
015 |a SNBE2013 
020 |a 9788097034627  |q (brož.) 
040 |a SNK  |b slo  |c SNK  |e AACR2 
041 0 |a slo 
043 |a e-xo--- 
044 |a xo  |c SK 
072 7 |a 347.9  |x Občianske súdne konanie. Súdnictvo  |2 konspekt 
080 |a 366-05  |2 2001 
080 |a 366.5  |2 2001 
080 |a 347.996  |2 2001 
080 |a (437.6)  |2 2001 
080 |a (036)  |2 2001 
080 |a 339.187  |2 2001 
110 2 |a Ombudspot (Poprad, Slovensko)  |4 aut  |9 480988 
245 1 0 |a Perspektívy mimosúdneho riešenia spotrebiteľských sporov na Slovensku  |c Ombudspot ; [publikáciu pripravili: Petra Čakovská, Michal Fáber a kol.] 
250 |a [1. vyd.] 
260 |a [Poprad  |b Ombudspot - Združenie na ochranu práv spotrebiteľov]  |c [2011] 
300 |a 20 s.  |b fotogr.  |c 15 x 21 cm 
500 |a Názov z obalu 
650 0 7 |a spotrebitelia  |2 SNKPH  |9 15048 
650 0 7 |a ochrana spotrebiteľa  |2 SNKPH  |9 2673 
650 0 7 |a alternatívne riešenie sporov  |2 SNKPH  |9 100696 
650 0 7 |a predaj  |2 SNKPH  |9 13334 
650 0 7 |a Consumers  |2 SNKPHeng  |9 267411 
650 0 7 |a Selling  |2 SNKPHeng  |9 287613 
650 0 7 |a Consumer protection  |2 SNKPHeng  |9 286434 
650 0 7 |a Alternative dispute resolution  |2 SNKPHeng  |9 359606 
651 7 |a Slovakia  |2 SNKPHeng  |9 92630 
651 7 |a Slovensko  |2 SNKPH  |9 14231 
655 7 |a informačné publikácie  |2 SNKPH  |9 70181 
655 7 |a Information publications  |2 SNKPHeng  |9 265188 
700 1 |a Čakovská, Petra,  |d 1977-  |4 com  |9 481845 
700 1 |a Fáber, Michal  |4 com  |9 374452 
919 |a 978-80-970346-2-7 
999 |c 1007332  |d 1009262 
952 |a SNK  |b SNK  |y PREZ  |7 0  |p 17A1031806  |o snkOSE 4771  |i snk2012/14153  |8 0  |0 0  |1 0  |4 0  |d 2012-07-18  |l 0  |r 2026-02-24 12:40:24  |w 2026-02-24 
952 |a SNK  |b SNK  |y VYP  |7 0  |p 17A1031805  |o snkOSE 4771 D1  |i snk2012/14154  |8 0  |0 0  |1 0  |4 0  |d 2012-07-18  |l 0  |r 2026-02-24 12:40:24  |w 2026-02-24